[Event "24. Erfurter Schachfestival 2014 - Haup"]
[Site "Erfurt"]
[Date "2014.12.30"]
[Round "8.5"]
[White "Grund, Erwin"]
[Black "Siebarth, Marco"]
[Result "1/2-1/2"]
[WhiteElo "2046"]
[BlackElo "2037"]
[PlyCount "82"]
[EventDate "2014.12.26"]
[EventRounds "8"]
[EventCountry "GER"]
[Source "24. ESF 2014"]
[SourceDate "2014.12.30"]

1. f4 d5 2. Nf3 c5 3. e3 Nc6 4. b3 e6 5. Bb2 f6 6. Bb5 Nge7 7. O-O b6 8. Bxc6+
Nxc6 9. d3 Bd6 10. Nbd2 O-O 11. a3 Bd7 12. Qe1 Qe7 13. Qh4 Rae8 14. Rae1 f5 15.
Qxe7 Rxe7 16. Ne5 Nxe5 17. Bxe5 Bxe5 18. fxe5 b5 19. Nf3 Rc8 20. Rc1 Bc6 21. d4
c4 22. b4 Ra8 23. c3 a5 24. Rc2 axb4 25. axb4 Rea7 26. Ng5 Bd7 27. h4 h6 28.
Nh3 g6 29. Kf2 Ra2 30. Rfc1 R8a3 31. Kf3 Be8 32. Nf4 Kg7 33. Nh3 Bf7 34. Kf4
Bg8 35. Kf3 Rxc2 36. Rxc2 Ra1 37. Kf2 Kf7 38. Ke2 Bh7 39. Kd2 Ke7 40. Rc1 Ra2+
41. Rc2 Ra1 1/2-1/2

[Event "24. Erfurter Schachfestival 2014 - Haup"]
[Site "Erfurt"]
[Date "2014.12.30"]
[Round "8.6"]
[White "Oberling, Mario"]
[Black "Maiwald, Harald"]
[Result "0-1"]
[WhiteElo "1848"]
[BlackElo "2062"]
[PlyCount "76"]
[EventDate "2014.12.26"]
[EventRounds "8"]
[EventCountry "GER"]
[Source "24. ESF 2014"]
[SourceDate "2014.12.30"]

1. Nc3 c5 2. Nf3 Nc6 3. d4 cxd4 4. Nxd4 g6 5. Nxc6 bxc6 6. e4 Bg7 7. Bd3 Rb8 8.
O-O d6 9. Qe1 Nh6 10. f3 Rxb2 11. Bxh6 Bxh6 12. Na4 Rb8 13. Qc3 O-O 14. Qxc6
Bd7 15. Qa6 Rb4 16. Nc3 Bg7 17. Qa3 Qb8 18. Rae1 e6 19. Nd1 Rc8 20. Kh1 Rc5 21.
c4 Qb6 22. Qc1 Ra5 23. Re2 Qd4 24. Nf2 h5 25. Qc2 Rb2 26. Qxb2 Qxb2 27. Rxb2
Bxb2 28. Bb1 Ra4 29. Nd3 Ba3 30. e5 Rxc4 31. exd6 Bxd6 32. g3 Rc3 33. Kg2 Bc6
34. Rf2 Bd5 35. Rd2 Kg7 36. Kf2 Kf6 37. h4 Ra3 38. Ke2 Bxg3 0-1

[Event "24. Erfurter Schachfestival 2014 - Haup"]
[Site "Erfurt"]
[Date "2014.12.30"]
[Round "8.7"]
[White "Drehwald, Manuel"]
[Black "Werner, Bernd-Michael"]
[Result "1-0"]
[WhiteElo "1760"]
[BlackElo "2074"]
[PlyCount "37"]
[EventDate "2014.12.26"]
[EventRounds "8"]
[EventCountry "GER"]
[Source "24. ESF 2014"]
[SourceDate "2014.12.30"]

1. e4 Nf6 2. Nc3 c6 3. e5 Nd5 4. d4 Nxc3 5. bxc3 g6 6. f4 Bg7 7. Bd3 d6 8. Nf3
O-O 9. O-O Bg4 10. Qe1 Nd7 11. Qh4 Bxf3 12. Rxf3 dxe5 13. fxe5 e6 14. Bg5 Qb6
15. Rh3 h5 16. g4 Bxe5 17. gxh5 Kg7 18. hxg6 Rh8 19. Bh6+ 1-0

[Event "24. Erfurter Schachfestival 2014 - Haup"]
[Site "Erfurt"]
[Date "2014.12.30"]
[Round "8.8"]
[White "Schröter, Maik"]
[Black "Schmidt, Matthias"]
[Result "1/2-1/2"]
[WhiteElo "1877"]
[BlackElo "2024"]
[PlyCount "45"]
[EventDate "2014.12.26"]
[EventRounds "8"]
[EventCountry "GER"]
[Source "24. ESF 2014"]
[SourceDate "2014.12.30"]

1. e4 g6 2. d4 Bg7 3. Nf3 d6 4. Bc4 Nf6 5. Qe2 O-O 6. Nc3 c6 7. a4 Nbd7 8. e5
dxe5 9. dxe5 Ng4 10. e6 Nde5 11. exf7+ Kh8 12. h3 Nxf3+ 13. Qxf3 Ne5 14. Qe2
Nxc4 15. Qxc4 Qd4 16. Qxd4 Bxd4 17. Bh6 Rxf7 18. O-O-O Bb6 19. Ne4 Bc7 20. Rhe1
Bf5 21. g4 Bxe4 22. Rxe4 Bd6 23. Rf1 1/2-1/2

[Event "24. Erfurter Schachfestival 2014 - Haup"]
[Site "Erfurt"]
[Date "2014.12.30"]
[Round "8.9"]
[White "Muuss, Klaus"]
[Black "Förster, Rudi"]
[Result "1/2-1/2"]
[WhiteElo "2035"]
[BlackElo "1881"]
[PlyCount "91"]
[EventDate "2014.12.26"]
[EventRounds "8"]
[EventCountry "GER"]
[Source "24. ESF 2014"]
[SourceDate "2014.12.30"]

1. e4 c5 2. Nf3 Nc6 3. d4 cxd4 4. Nxd4 Nf6 5. Nc3 g6 6. Be3 Bg7 7. Qd2 O-O 8.
f3 d5 9. Nxc6 bxc6 10. e5 Nd7 11. f4 Nb6 12. Be2 Nc4 13. Bxc4 dxc4 14. Qxd8
Rxd8 15. Bc5 f6 16. O-O fxe5 17. Bxe7 Re8 18. Bc5 Bf5 19. fxe5 Bxe5 20. Rf2
Rab8 21. Na4 Bxb2 22. Nxb2 Rxb2 23. Bxa7 Ra8 24. Bd4 Rbxa2 25. Rxa2 Rxa2 26. c3
Ra1+ 27. Rf1 Ra3 28. Re1 Kf7 29. h3 Ra2 30. Rf1 Ke6 31. Rf2 Ra1+ 32. Rf1 Ra5
33. Re1+ Kd6 34. Bg7 Ra2 35. Bf6 Bd3 36. Bg7 Kc5 37. Re5+ Kb6 38. Re8 Rc2 39.
Rb8+ Kc5 40. Re8 Kd5 41. Re5+ Kd6 42. Re1 Bf5 43. Rd1+ Kc5 44. Re1 Kb5 45. Rb1+
Ka4 46. Rb4+ 1/2-1/2

[Event "24. Erfurter Schachfestival 2014 - Meis"]
[Site "Erfurt"]
[Date "2014.12.26"]
[Round "1.1"]
[White "Berelowitsch, Alexander"]
[Black "Schmid, Franz"]
[Result "1-0"]
[WhiteElo "2543"]
[BlackElo "2136"]
[PlyCount "99"]
[EventDate "2014.12.26"]
[EventRounds "8"]
[EventCountry "GER"]
[Source "24. ESF 2014"]
[SourceDate "2014.12.30"]

1. e4 e5 2. Nf3 Nf6 3. Nxe5 d6 4. Nf3 Nxe4 5. d4 d5 6. Bd3 Nc6 7. O-O Be7 8.
Nc3 f5 9. Bf4 a6 10. Ne5 Nxe5 11. Bxe5 O-O 12. f3 Ng5 13. Qe1 Ne6 14. f4 c6 15.
Kh1 Bf6 16. Ne2 Bxe5 17. fxe5 Ng5 18. Nf4 Qb6 19. Qg3 Ne4 20. Bxe4 dxe4 21. Nh5
Qc7 22. Nf6+ Rxf6 23. exf6 Qxg3 24. hxg3 g6 25. g4 fxg4 26. f7+ Kf8 27. Rf6 Bf5
28. Kh2 Ke7 29. f8=Q+ Rxf8 30. Rxf8 Kxf8 31. Kg3 Ke7 32. Rh1 h5 33. Kf4 b5 34.
Ke5 Kd7 35. g3 Kc7 36. c3 Kd7 37. b3 Kc7 38. c4 bxc4 39. bxc4 e3 40. d5 c5 41.
Re1 Bd3 42. Rxe3 Bxc4 43. a4 Ba2 44. Ke6 g5 45. Ra3 Bc4 46. Rc3 Ba2 47. Rxc5+
Kd8 48. Kd6 Bb3 49. Rc6 h4 50. Rb6 1-0

[Event "24. Erfurter Schachfestival 2014 - Meis"]
[Site "Erfurt"]
[Date "2014.12.26"]
[Round "1.2"]
[White "Minor, Viatcheslav"]
[Black "Poetsch, Hagen"]
[Result "0-1"]
[WhiteElo "2090"]
[BlackElo "2496"]
[PlyCount "100"]
[EventDate "2014.12.26"]
[EventRounds "8"]
[EventCountry "GER"]
[Source "24. ESF 2014"]
[SourceDate "2014.12.30"]

1. e4 Nc6 2. Nc3 Nf6 3. d4 d5 4. e5 Nd7 5. Nf3 Nb6 6. a4 a5 7. Bb5 Bg4 8. h3
Bxf3 9. Qxf3 e6 10. Qg3 h6 11. O-O g6 12. Ne2 Bg7 13. h4 O-O 14. Bxc6 bxc6 15.
h5 Kh7 16. hxg6+ fxg6 17. Nf4 Qe8 18. Qg4 Rf5 19. Ra3 c5 20. Rg3 g5 21. c3 cxd4
22. cxd4 Qf7 23. Nh5 Rf8 24. Qe2 Bh8 25. Rb3 Qg6 26. Ng3 R5f7 27. Be3 Nxa4 28.
Ra3 Nb6 29. Rxa5 Nc4 30. Rb5 c6 31. Rb3 c5 32. Rc3 cxd4 33. Bxd4 Rf4 34. Rd1
R8f7 35. b3 Nd6 36. Re3 Rxf2 37. Qxf2 Rxf2 38. Kxf2 Qc2+ 39. Ke1 Nb5 40. Ne2
Bg7 41. Rd2 Qf5 42. Ng3 Qg4 43. Bb2 d4 44. Red3 Bxe5 45. Ne2 Qxg2 46. Bxd4 Nxd4
47. Nxd4 Qg1+ 48. Ke2 Bf4 49. Rc2 Qg2+ 50. Ke1 Qe4+ 0-1

[Event "24. Erfurter Schachfestival 2014 - Meis"]
[Site "Erfurt"]
[Date "2014.12.26"]
[Round "1.3"]
[White "Lubbe, Nikolas"]
[Black "Hentze, Markus"]
[Result "1-0"]
[WhiteElo "2458"]
[BlackElo "2096"]
[PlyCount "53"]
[EventDate "2014.12.26"]
[EventRounds "8"]
[EventCountry "GER"]
[Source "24. ESF 2014"]
[SourceDate "2014.12.30"]

1. Nf3 Nf6 2. c4 d5 3. cxd5 Nxd5 4. e4 Nf6 5. Nc3 c5 6. e5 Nd5 7. Bb5+ Nc6 8.
Qa4 Nxc3 9. dxc3 Qc7 10. Be3 e6 11. Bxc6+ Qxc6 12. Qxc6+ bxc6 13. c4 Rb8 14.
O-O-O f5 15. Rd3 Rb4 16. b3 Rb7 17. Rhd1 Bd7 18. Ne1 h6 19. R3d2 g5 20. Nd3 Rc7
21. Bxc5 Bc8 22. Bxf8 Rxf8 23. Nc5 Ke7 24. f4 Rg8 25. g3 a5 26. Kb2 Ra7 27. Ka3
1-0

[Event "24. Erfurter Schachfestival 2014 - Meis"]
[Site "Erfurt"]
[Date "2014.12.26"]
[Round "1.4"]
[White "Moser, Axel"]
[Black "Teske, Henrik"]
[Result "0-1"]
[WhiteElo "2119"]
[BlackElo "2496"]
[PlyCount "32"]
[EventDate "2014.12.26"]
[EventRounds "8"]
[EventCountry "GER"]
[Source "24. ESF 2014"]
[SourceDate "2014.12.30"]

1. Nf3 d5 2. g3 Bg4 3. Bg2 Nd7 4. d4 Ngf6 5. O-O e6 6. Nbd2 c5 7. c3 Bd6 8. Qb3
O-O 9. Re1 cxd4 10. cxd4 Qa5 11. a3 Rfc8 12. e4 Bxf3 13. Bxf3 dxe4 14. Bxe4
Nxe4 15. Qxb7 Nxd2 16. Bxd2 Qxd2 0-1

[Event "24. Erfurter Schachfestival 2014 - Meis"]
[Site "Erfurt"]
[Date "2014.12.26"]
[Round "1.5"]
[White "Carlstedt, Jonathan"]
[Black "Rüther, Rudolf"]
[Result "1-0"]
[WhiteElo "2437"]
[BlackElo "2154"]
[PlyCount "63"]
[EventDate "2014.12.26"]
[EventRounds "8"]
[EventCountry "GER"]
[Source "24. ESF 2014"]
[SourceDate "2014.12.30"]

1. c4 e5 2. g3 g6 3. Bg2 Bg7 4. Nc3 Nc6 5. d3 f5 6. e3 Nf6 7. Nge2 O-O 8. O-O
d6 9. Rb1 a5 10. a3 Be6 11. Nd5 Qd7 12. b4 axb4 13. axb4 Rae8 14. b5 Nd8 15. b6
c6 16. Nc7 Re7 17. Nxe6 Nxe6 18. d4 exd4 19. exd4 Ne4 20. Qd3 Rfe8 21. Ba3 Rf7
22. d5 N6c5 23. dxc6 Qxc6 24. Qc2 Na4 25. Qb3 Ra8 26. Rfd1 Nxb6 27. Rxd6 Qxc4
28. Rxb6 Qxe2 29. Rxb7 Qxf2+ 30. Kh1 Ng5 31. Rxf7 Nxf7 32. Bxa8 1-0

[Event "24. Erfurter Schachfestival 2014 - Meis"]
[Site "Erfurt"]
[Date "2014.12.26"]
[Round "1.6"]
[White "Rohmeiß, Roberto"]
[Black "Geske, Julian"]
[Result "0-1"]
[WhiteElo "2135"]
[BlackElo "2399"]
[PlyCount "94"]
[EventDate "2014.12.26"]
[EventRounds "8"]
[EventCountry "GER"]
[Source "24. ESF 2014"]
[SourceDate "2014.12.30"]

1. d4 d5 2. c4 dxc4 3. Nc3 c6 4. a4 e5 5. Nf3 exd4 6. Qxd4 Qxd4 7. Nxd4 Nd7 8.
e4 Ne5 9. Bf4 Bd6 10. Bxe5 Bxe5 11. Rd1 Bd7 12. Bxc4 Nh6 13. O-O O-O-O 14. Nde2
f5 15. h3 fxe4 16. Nxe4 Bf5 17. N4c3 Bc2 18. Rc1 Rd2 19. b3 a6 20. f4 Bc7 21.
Ng3 Re8 22. Nb1 Bxb1 23. Rxb1 b5 24. axb5 axb5 25. Be2 Rexe2 26. Nxe2 Rxe2 27.
g4 Nf7 28. Rf3 Nd6 29. Rc1 Kd7 30. Kf1 Rh2 31. Kg1 Rd2 32. Rcc3 Bb6+ 33. Kf1
Rb2 34. Rcd3 c5 35. Rd5 c4 36. bxc4 bxc4 37. Rg5 Bd4 38. Rd5 Rd2 39. Ke1 c3 40.
Rxc3 Bxc3 41. Rxd2 Ke6 42. Ke2 Bxd2 43. Kxd2 Kd5 44. Ke3 Nc4+ 45. Kf3 Kd4 46.
g5 Nd6 47. g6 h5 0-1

[Event "24. Erfurter Schachfestival 2014 - Meis"]
[Site "Erfurt"]
[Date "2014.12.26"]
[Round "1.8"]
[White "Souleidis, Georgios"]
[Black "Nimsch, Helmut"]
[Result "1-0"]
[WhiteElo "2384"]
[BlackElo "2071"]
[PlyCount "43"]
[EventDate "2014.12.26"]
[EventRounds "8"]
[EventCountry "GER"]
[Source "24. ESF 2014"]
[SourceDate "2014.12.30"]

1. e4 c5 2. f4 d5 3. exd5 Qxd5 4. Nc3 Qd8 5. Nf3 Nf6 6. Ne5 e6 7. Qf3 Be7 8. b3
O-O 9. Bb2 Nbd7 10. Bd3 Nb6 11. O-O-O a5 12. g4 a4 13. g5 Ne8 14. Qh3 g6 15.
Qh6 a3 16. Ba1 Qd4 17. h4 Nd5 18. h5 Qxf4 19. Nxd5 Qxg5 20. Nxe7+ Qxe7 21. hxg6
fxg6 22. Nxg6 1-0

[Event "24. Erfurter Schachfestival 2014 - Meis"]
[Site "Erfurt"]
[Date "2014.12.26"]
[Round "1.9"]
[White "Lopez-Rojas, Jeffrey"]
[Black "Eichner, Sebastian"]
[Result "0-1"]
[WhiteElo "2068"]
[BlackElo "2365"]
[PlyCount "124"]
[EventDate "2014.12.26"]
[EventRounds "8"]
[EventCountry "GER"]
[Source "24. ESF 2014"]
[SourceDate "2014.12.30"]

1. d4 d5 2. c4 c6 3. g3 Nf6 4. Nf3 Bf5 5. Bg2 e6 6. Nc3 h6 7. O-O Bd6 8. Nd2
O-O 9. e4 dxe4 10. Ndxe4 Bc7 11. Qb3 Nxe4 12. Nxe4 Qc8 13. Nc5 Rd8 14. Qxb7
Qxb7 15. Nxb7 Rxd4 16. b3 Be4 17. Be3 Bxg2 18. Kxg2 Rd7 19. Rad1 Kf8 20. Bc5+
Ke8 21. Nd6+ Bxd6 22. Rxd6 Rxd6 23. Bxd6 Nd7 24. Rd1 a5 25. Kf3 c5 26. Ke3 Rc8
27. Kd3 g5 28. Re1 Nf6 29. Kc2 Ng4 30. f4 Rc6 31. h3 Nf2 32. Be5 Nxh3 33. Rh1
g4 34. Rh2 Ke7 35. Bc3 Ra6 36. Kd3 h5 37. Ke4 a4 38. b4 cxb4 39. Bxb4+ Kf6 40.
Bc3+ Kg6 41. c5 Ng1 42. Rb2 Rc6 43. Bd4 Rc8 44. Ke3 Nf3 45. Rc2 Rc6 46. Ke4 h4
47. gxh4 Nxh4 48. Rc4 Nf5 49. Rxa4 Nxd4 50. Rxd4 Rxc5 51. a4 Rc3 52. Rd3 Rc4+
53. Rd4 Rc1 54. Ke3 Ra1 55. Rb4 Ra3+ 56. Kf2 Kf5 57. Kg2 f6 58. Kf2 g3+ 59. Kg2
Kg4 60. a5 Ra2+ 61. Kf1 Kf3 62. Rb3+ Kxf4 0-1

[Event "24. Erfurter Schachfestival 2014 - Meis"]
[Site "Erfurt"]
[Date "2014.12.26"]
[Round "1.10"]
[White "Wichmann, Cliff"]
[Black "Pietzsch, Manuel"]
[Result "1-0"]
[WhiteElo "2361"]
[BlackElo "2086"]
[PlyCount "57"]
[EventDate "2014.12.26"]
[EventRounds "8"]
[EventCountry "GER"]
[Source "24. ESF 2014"]
[SourceDate "2014.12.30"]

1. d4 Nf6 2. Nf3 g6 3. c4 c5 4. d5 b5 5. cxb5 a6 6. e3 Bg7 7. Nc3 O-O 8. a4 d6
9. h3 e6 10. dxe6 fxe6 11. Be2 axb5 12. Bxb5 Bb7 13. O-O Ne4 14. Nxe4 Bxe4 15.
Nd2 Bb7 16. Qg4 Qe7 17. Rb1 Nc6 18. b3 Ne5 19. Qg3 Bf6 20. f4 Bh4 21. Qh2 Nd7
22. Bb2 e5 23. Nf3 Bf6 24. fxe5 Nxe5 25. Nxe5 dxe5 26. Bc4+ Kg7 27. Rxf6 Rxf6
28. Qxe5 Qxe5 29. Bxe5 1-0

[Event "24. Erfurter Schachfestival 2014 - Meis"]
[Site "Erfurt"]
[Date "2014.12.27"]
[Round "2.1"]
[White "Barthel, Ansgar"]
[Black "Berelowitsch, Alexander"]
[Result "0-1"]
[WhiteElo "2231"]
[BlackElo "2543"]
[PlyCount "70"]
[EventDate "2014.12.27"]
[EventRounds "4"]
[EventCountry "GER"]
[Source "24. ESF 2014"]
[SourceDate "2014.12.30"]

1. e4 e6 2. d4 d5 3. Nc3 Bb4 4. e5 c5 5. dxc5 Qc7 6. Nf3 Bxc3+ 7. bxc3 Nd7 8.
Bb5 Ne7 9. O-O O-O 10. Bxd7 Bxd7 11. Be3 Nf5 12. Bd4 b6 13. cxb6 axb6 14. Qb1
Ra6 15. Qb2 Rfa8 16. Rfb1 Qc4 17. h3 h6 18. a3 Be8 19. Qb3 Qc8 20. Rb2 R8a7 21.
g4 Nxd4 22. cxd4 Rc7 23. Qd3 Rc3 24. Qe2 Qc4 25. Qd1 Ba4 26. Ne1 Rxh3 27. Rb4
Qc7 28. Qe2 Ra8 29. Rab1 b5 30. f3 h5 31. gxh5 Rc8 32. R1b2 Qe7 33. Ng2 Rc3 34.
f4 Rcg3 35. c4 Qh4 0-1

[Event "24. Erfurter Schachfestival 2014 - Meis"]
[Site "Erfurt"]
[Date "2014.12.27"]
[Round "2.2"]
[White "Poetsch, Hagen"]
[Black "Haag, Wolfgang"]
[Result "0-1"]
[WhiteElo "2496"]
[BlackElo "2216"]
[PlyCount "120"]
[EventDate "2014.12.26"]
[EventRounds "8"]
[EventCountry "GER"]
[Source "24. ESF 2014"]
[SourceDate "2014.12.30"]

1. e4 d5 2. exd5 Qxd5 3. Nc3 Qd8 4. g3 Nf6 5. Bg2 e5 6. Nge2 Bc5 7. O-O O-O 8.
d3 Re8 9. Be3 Bxe3 10. fxe3 c6 11. Qd2 Bg4 12. h3 Be6 13. Rf2 Nbd7 14. Raf1 Qb6
15. b3 Rad8 16. d4 Qb4 17. Qc1 Qa5 18. a3 Qc7 19. Kh2 Qa5 20. Qb2 Qc7 21. Ne4
Nxe4 22. Bxe4 exd4 23. exd4 Bxh3 24. Bxh7+ Kxh7 25. Kxh3 Nf6 26. Qc3 Qd7+ 27.
Kg2 Qd5+ 28. Kg1 Kg8 29. Qd3 Rd7 30. Rh2 Qe4 31. Qxe4 Rxe4 32. Rf4 Rde7 33.
Rxe4 Rxe4 34. Nc3 Rxd4 35. Re2 Kf8 36. Kg2 g6 37. Kf3 Ng8 38. Ne4 Rd5 39. g4 f6
40. Rh2 Kg7 41. Re2 Nh6 42. Nc3 Rd7 43. Na4 b6 44. Nc3 Nf7 45. Kg3 Ng5 46. a4
Kf8 47. Rh2 Kf7 48. a5 Re7 49. axb6 axb6 50. Kf2 Re5 51. Na4 b5 52. Nb2 Re4 53.
Rg2 Ke6 54. Nd3 Kd5 55. Kg3 Kd4 56. Nb4 Re3+ 57. Kf2 Ne4+ 58. Kf1 c5 59. Nd3 c4
60. bxc4 bxc4 0-1

[Event "24. Erfurter Schachfestival 2014 - Meis"]
[Site "Erfurt"]
[Date "2014.12.27"]
[Round "2.3"]
[White "Hellwig, Tobias"]
[Black "Lubbe, Nikolas"]
[Result "0-1"]
[WhiteElo "2179"]
[BlackElo "2458"]
[PlyCount "70"]
[EventDate "2014.12.26"]
[EventRounds "8"]
[EventCountry "GER"]
[Source "24. ESF 2014"]
[SourceDate "2014.12.30"]

1. d4 Nf6 2. c4 c5 3. d5 e6 4. Nc3 exd5 5. cxd5 d6 6. e4 g6 7. f4 Bg7 8. Nf3
O-O 9. Bd3 Bg4 10. O-O Nbd7 11. h3 Bxf3 12. Qxf3 a6 13. a4 Qc7 14. Kh1 Rae8 15.
Bc2 h6 16. Be3 Nh7 17. Qg3 Nhf6 18. Rae1 b5 19. axb5 axb5 20. Qf3 b4 21. Nd1
Re7 22. Bd2 Rfe8 23. Nf2 Nh7 24. b3 Ra8 25. Ng4 Ra2 26. Qd1 Nhf6 27. Bb1 Ra1
28. Nxf6+ Nxf6 29. Qc2 Qd8 30. Bc1 Qe8 31. Bb2 Nxe4 32. Bxa1 Ng3+ 33. Kh2 Rxe1
34. Rxe1 Qxe1 35. Bxg7 Nf1+ 0-1

[Event "24. Erfurter Schachfestival 2014 - Meis"]
[Site "Erfurt"]
[Date "2014.12.27"]
[Round "2.4"]
[White "Teske, Henrik"]
[Black "Schmücker, Felix"]
[Result "1-0"]
[WhiteElo "2496"]
[BlackElo "2192"]
[PlyCount "65"]
[EventDate "2014.12.26"]
[EventRounds "8"]
[EventCountry "GER"]
[Source "24. ESF 2014"]
[SourceDate "2014.12.30"]

1. e4 c5 2. Nf3 e6 3. d4 cxd4 4. Nxd4 a6 5. Nc3 Qc7 6. Bd3 Nc6 7. Be3 Nf6 8.
O-O Ne5 9. Qd2 b5 10. f4 Nc4 11. Bxc4 Qxc4 12. b3 Qc7 13. e5 Ng4 14. Rae1 Bb7
15. h3 Nxe3 16. Rxe3 Rc8 17. Nce2 d6 18. c3 dxe5 19. fxe5 Be7 20. Nf4 O-O 21.
Qf2 g6 22. b4 Qb6 23. a3 Rc4 24. h4 Kh8 25. Nh3 Qc7 26. Ng5 Bxg5 27. hxg5 Bd5
28. Qf6+ Kg8 29. Rh3 Rxc3 30. Rxh7 Kxh7 31. Rf4 Rh3 32. gxh3 Qc1+ 33. Kf2 1-0

[Event "24. Erfurter Schachfestival 2014 - Meis"]
[Site "Erfurt"]
[Date "2014.12.27"]
[Round "2.5"]
[White "Urban, Lars"]
[Black "Carlstedt, Jonathan"]
[Result "0-1"]
[WhiteElo "2170"]
[BlackElo "2437"]
[PlyCount "124"]
[EventDate "2014.12.26"]
[EventRounds "8"]
[EventCountry "GER"]
[Source "24. ESF 2014"]
[SourceDate "2014.12.30"]

1. d4 d6 2. c4 Nf6 3. Nc3 Nbd7 4. e4 e5 5. d5 Be7 6. Bd3 O-O 7. Nge2 Nh5 8. O-O
Nc5 9. f4 Nxf4 10. Nxf4 exf4 11. Bxf4 Bg5 12. b4 Bxf4 13. Rxf4 Qg5 14. g3 Nd7
15. Nb5 a6 16. Nd4 Ne5 17. Nf3 Qe7 18. Nd4 Ng6 19. Rf2 Qe5 20. Bc2 Bg4 21. Qd2
Qh5 22. Bd1 Bxd1 23. Qxd1 Qxd1+ 24. Rxd1 Rfe8 25. Re2 a5 26. Nb5 Re7 27. c5 Rd7
28. c6 bxc6 29. dxc6 Re7 30. Nc3 axb4 31. Nd5 Re5 32. Nxc7 Rc8 33. Nd5 Rxc6 34.
Nxb4 Rc4 35. a3 Re6 36. Red2 Rexe4 37. Rxd6 h5 38. Rc6 Ne5 39. Rxc4 Nxc4 40.
Nc2 Re2 41. Nd4 Ra2 42. Nb5 g5 43. Re1 g4 44. Re4 Nd2 45. Re2 Nf3+ 46. Kf2 Ra1
47. h3 Kg7 48. hxg4 hxg4 49. Ke3 Ng1 50. Rc2 Rf1 51. Rc3 f5 52. a4 f4+ 53. gxf4
g3 54. Rc2 Rf3+ 55. Ke4 Rf2 56. Nd4 Nf3 57. Ke3 g2 58. Rc7+ Kg6 59. Rc1 Rf1 60.
Rc6+ Kh5 61. Ne2 Re1 62. Rc5+ Kh4 0-1

[Event "24. Erfurter Schachfestival 2014 - Meis"]
[Site "Erfurt"]
[Date "2014.12.27"]
[Round "2.6"]
[White "Geske, Julian"]
[Black "Schröder, Wilfried"]
[Result "1-0"]
[WhiteElo "2399"]
[BlackElo "2137"]
[PlyCount "77"]
[EventDate "2014.12.26"]
[EventRounds "8"]
[EventCountry "GER"]
[Source "24. ESF 2014"]
[SourceDate "2014.12.30"]

1. c4 e6 2. g3 d5 3. Bg2 Nf6 4. Nf3 Be7 5. O-O O-O 6. d4 b6 7. Qc2 c6 8. Nbd2
Nbd7 9. e4 Bb7 10. e5 Ne8 11. cxd5 cxd5 12. Re1 Qc7 13. Qb3 Rc8 14. Bf1 Nb8 15.
Bd3 Ba6 16. Bb1 g6 17. Kg2 Ng7 18. Nf1 Nc6 19. Bf4 Na5 20. Qd1 Nc4 21. Bc1 Bb4
22. N1d2 Qd7 23. a3 Be7 24. Nf1 Rc7 25. Bd3 Qc8 26. Qe2 Bb7 27. Bg5 Qd8 28. h4
Nf5 29. N1h2 h5 30. Rh1 Kg7 31. g4 Nxh4+ 32. Bxh4 Bxh4 33. gxh5 Rg8 34. hxg6
fxg6 35. b3 Na5 36. Nxh4 Qxh4 37. Ng4 Qg5 38. f4 Qxf4 39. Raf1 1-0

[Event "24. Erfurter Schachfestival 2014 - Meis"]
[Site "Erfurt"]
[Date "2014.12.27"]
[Round "2.7"]
[White "Eschke, Lars"]
[Black "Souleidis, Georgios"]
[Result "1/2-1/2"]
[WhiteElo "2178"]
[BlackElo "2384"]
[PlyCount "56"]
[EventDate "2014.12.26"]
[EventRounds "8"]
[EventCountry "GER"]
[Source "24. ESF 2014"]
[SourceDate "2014.12.30"]

1. d4 g6 2. Nf3 Bg7 3. g3 b6 4. Bg2 Bb7 5. O-O Nf6 6. c4 O-O 7. Nc3 Ne4 8. Qc2
f5 9. Ng5 Nc6 10. Ngxe4 Nxd4 11. Qd3 fxe4 12. Nxe4 Kh8 13. Nc3 Bxg2 14. Kxg2
Qc8 15. f3 d6 16. Be3 c5 17. h4 Qf5 18. Bxd4 Bxd4 19. e4 Qf6 20. Rab1 e6 21. f4
Rad8 22. Rbe1 Qg7 23. Re2 Rd7 24. Qc2 Bxc3 25. bxc3 Rfd8 26. Rd2 Qf7 27. Rfd1
Qg7 28. Rd3 Qf7 1/2-1/2

[Event "24. Erfurter Schachfestival 2014 - Meis"]
[Site "Erfurt"]
[Date "2014.12.27"]
[Round "2.8"]
[White "Eichner, Sebastian"]
[Black "Heyder, Florian"]
[Result "1-0"]
[WhiteElo "2365"]
[BlackElo "2169"]
[PlyCount "60"]
[EventDate "2014.12.26"]
[EventRounds "8"]
[EventCountry "GER"]
[Source "24. ESF 2014"]
[SourceDate "2014.12.30"]

1. d4 Nf6 2. Nf3 g6 3. c4 Bg7 4. Nc3 d5 5. Bf4 O-O 6. e3 c5 7. dxc5 Qa5 8. Rc1
dxc4 9. Bxc4 Qxc5 10. Bb3 Nc6 11. O-O Qh5 12. h3 e5 13. Bh2 Rd8 14. Nd2 Qg5 15.
Kh1 Bf5 16. Bxf7+ Kxf7 17. Nf3 Qh5 18. Qb3+ Kf8 19. Qxb7 Bd7 20. Rfd1 Rab8 21.
Qa6 Rb6 22. Qa3+ Ke8 23. Na4 Ra6 24. Qb3 Rb8 25. Qc4 Ra5 26. Rxd7 Nxd7 27. g4
Qxh3 28. Ng5 Qh6 29. Qf7+ Kd8 30. Ne6+ Kc8 1-0

[Event "24. Erfurter Schachfestival 2014 - Meis"]
[Site "Erfurt"]
[Date "2014.12.27"]
[Round "2.9"]
[White "Bethe, Stephan"]
[Black "Wichmann, Cliff"]
[Result "1/2-1/2"]
[WhiteElo "2155"]
[BlackElo "2361"]
[PlyCount "20"]
[EventDate "2014.12.26"]
[EventRounds "8"]
[EventCountry "GER"]
[Source "24. ESF 2014"]
[SourceDate "2014.12.30"]

1. e4 e6 2. d3 d5 3. Nd2 Nf6 4. Ngf3 b6 5. g3 dxe4 6. dxe4 Bb7 7. Qe2 Na6 8. a3
Nc5 9. e5 Ng4 10. h3 Nh6 1/2-1/2

[Event "24. Erfurter Schachfestival 2014 - Meis"]
[Site "Erfurt"]
[Date "2014.12.27"]
[Round "2.10"]
[White "Levushkina, Elena"]
[Black "Zuther, Torsten"]
[Result "1-0"]
[WhiteElo "2292"]
[BlackElo "2156"]
[PlyCount "108"]
[EventDate "2014.12.26"]
[EventRounds "8"]
[EventCountry "GER"]
[Source "24. ESF 2014"]
[SourceDate "2014.12.30"]

1. e4 e6 2. d4 d5 3. Nd2 Nf6 4. e5 Nfd7 5. Bd3 c5 6. c3 Nc6 7. Ne2 cxd4 8. cxd4
f6 9. exf6 Nxf6 10. Nf3 Bd6 11. O-O O-O 12. Bf4 Bxf4 13. Nxf4 Ne4 14. Qc1 Qf6
15. Ne2 e5 16. dxe5 Nxe5 17. Nxe5 Qxe5 18. f3 Nf6 19. Qc3 Qe3+ 20. Kh1 Re8 21.
Qd4 Bf5 22. Bb5 Re7 23. Qxe3 Rxe3 24. Nd4 Bg6 25. Kg1 a6 26. Kf2 Re7 27. Be2
Rf8 28. Kg1 Rfe8 29. Rf2 Rc7 30. Rd1 Kf7 31. Bf1 Rce7 32. Re2 Rxe2 33. Bxe2 Ke7
34. Kf2 Kd6 35. g4 Rf8 36. Kg3 h5 37. h3 hxg4 38. hxg4 Rh8 39. Bf1 Rh1 40. Kg2
Rh8 41. Kf2 Rc8 42. Kg3 Bh7 43. g5 Nh5+ 44. Kg4 Bg6 45. Re1 Re8 46. Rxe8 Bxe8
47. f4 g6 48. Bd3 Ng7 49. Kf3 Bd7 50. Bxg6 Kc5 51. Ke3 Kd6 52. Bc2 Bc8 53. f5
Ke5 54. f6 Ne6 1-0

[Event "24. Erfurter Schachfestival 2014 - Meis"]
[Site "Erfurt"]
[Date "2014.12.27"]
[Round "3.1"]
[White "Berelowitsch, Alexander"]
[Black "Strache, Michael"]
[Result "0-1"]
[WhiteElo "2543"]
[BlackElo "2351"]
[PlyCount "74"]
[EventDate "2014.12.27"]
[EventRounds "4"]
[EventCountry "GER"]
[Source "24. ESF 2014"]
[SourceDate "2014.12.30"]

1. e4 e5 2. Nf3 Nc6 3. Bb5 Nf6 4. d3 Bc5 5. c3 O-O 6. O-O d5 7. Qe2 Bg4 8. Bg5
a6 9. Bxc6 bxc6 10. h3 Bxf3 11. Qxf3 h6 12. Bh4 Qd6 13. Rd1 Nd7 14. Bg3 Qe6 15.
d4 dxe4 16. Qxe4 Bb6 17. d5 Nf6 18. Qxe5 cxd5 19. Qxe6 fxe6 20. Nd2 Nh5 21. Kh2
Nxg3 22. fxg3 Rf2 23. Rab1 Raf8 24. Kh1 Bc5 25. Nf3 Bd6 26. g4 Rf4 27. Rf1
Rxf1+ 28. Rxf1 Re4 29. Re1 Rxe1+ 30. Nxe1 Kf7 31. Kg1 e5 32. Kf2 e4 33. Nc2 Kf6
34. b4 c5 35. a3 Ke5 36. Ke3 Be7 37. g3 d4+ 0-1